Dentro del mercado negro (Registro nro. 8907)
[ vista simple ]
| 000 -LEADER | |
|---|---|
| fixed length control field | 00523ngm a22001937a 4500 |
| 005 - DATE AND TIME OF LATEST TRANSACTION | |
| control field | 20220526113842.0 |
| 008 - FIXED-LENGTH DATA ELEMENTS--GENERAL INFORMATION | |
| fixed length control field | 160216b xxu||||| |||| 00| 0 spa d |
| 041 ## - LANGUAGE CODE | |
| Language code of text/sound track or separate title | spa |
| 082 ## - CLASIFICACIÓN | |
| Clasificación | 60 DVD |
| 100 ## - AUTOR | |
| Autor | National Geographic |
| 245 ## - TÍTULO | |
| Title | Dentro del mercado negro |
| 260 ## - PUBLICATION, DISTRIBUTION, ETC. (IMPRINT) | |
| Place of publication | México |
| Year of publication | 2009 |
| Name of publisher | National Geographi |
| 300 ## - PHYSICAL DESCRIPTION | |
| Number of Pages | 50 minutos |
| 650 ## - SUBJECT ADDED ENTRY--TOPICAL TERM | |
| Topical Term | MERCADO NEGRO |
| 650 ## - SUBJECT ADDED ENTRY--TOPICAL TERM | |
| Topical Term | MERCADO DE ORGANOS |
| 650 ## - SUBJECT ADDED ENTRY--TOPICAL TERM | |
| Topical Term | TRÁFICO DE ORGANOS |
| 650 ## - SUBJECT ADDED ENTRY--TOPICAL TERM | |
| Topical Term | DEMANDA DE ORGANOS |
| 942 ## - ADDED ENTRY ELEMENTS (KOHA) | |
| Koha item type | DVD |
| Withdrawn status | Lost status | Damaged status | Not for loan | Home library | Current library | Date acquired | Total Checkouts | Full call number | Accession Number | Date last seen | Date checked out | Price effective from | Koha item type |
|---|---|---|---|---|---|---|---|---|---|---|---|---|---|
| Departamento de Biblioteca y Documentación Alfonso Chase Brenes | Departamento de Biblioteca y Documentación Alfonso Chase Brenes | 27/02/2017 | 6 | 60 DVD | 60DVD | 19/02/2020 | 14/02/2020 | 27/02/2017 | DVD |